| 000 | 00701nam a2200217 a 4500 | ||
|---|---|---|---|
| 005 | 20251210064045.0 | ||
| 008 | 991125n 000 0 u | ||
| 035 | _aUPN01000069139 | ||
| 100 | _aOCHOA NUÑEZ, Hernando | ||
| 222 | _aREVISTA DEL CONVENIO ANDRES BELLO | ||
| 245 | _aConsideración en torno al fomento de las industrias que producen bienes que se utilizan en la educación | ||
| 300 | _a27-32 | ||
| 362 | _a1986 Año 10, no. 29, sep.-dic. | ||
| 650 | 2 |
_aRecursos educativos _99810 |
|
| 650 |
_aEQUIPO EDUCATIVO _921272 |
||
| 650 | _aINSTALACIONES EDUCATIVAS | ||
| 650 | _aMATERIAL EDUCATIVO | ||
| 650 | 4 |
_aEducación primaria _91552 |
|
| 904 |
_aAC _b006950 |
||
| 905 | _aArticulo | ||
| 999 |
_c64830 _d64830 |
||